|
|
|
|
| LEADER |
00000nab a2200000 a 4500 |
| 001 |
vtls010719077 |
| 003 |
SK-MaSNL |
| 005 |
20260304185726.0 |
| 008 |
250709s2002 xo |||||||||||||||||slo| |
| 035 |
|
|
|a (urnnbn)urn:nbn:sk:snk:ar-a04plq
|
| 035 |
|
|
|a (uuid)9a68ab16-29dd-448d-ac82-1f6ecfa72246
|
| 035 |
|
|
|a urn:nbn:sk:snk-ab3kgq
|
| 040 |
|
|
|a SNKBUCL
|b slo
|c SNKBUCL
|e AACR2
|
| 041 |
0 |
|
|a slo
|
| 044 |
|
|
|a xo
|c SK
|
| 100 |
1 |
|
|a Jamrichová, Soňa
|4 aut
|9 5844
|
| 245 |
1 |
0 |
|a KYSLOMLIEČNE VÝROBKY - SPRÁVNA VÝROBNÁ PRAX
|c S. Jamrichová
|
| 773 |
0 |
|
|t Mliekarstvo : bulletin pre internú potrebu výrobcov a spracovateľov mlieka
|g Roč. 33, č. 4 (2002), s. 24-28
|
| 850 |
|
|
|a Slovenská národná knižnica
|
| 852 |
|
|
|a Slovenská národná knižnica
|
| 954 |
|
|
|a odborná, vedecká literatúra pôvodná (slovenská)
|2 lita
|
| 958 |
|
|
|a article1
|
| 958 |
|
|
|a OND
|
| 958 |
|
|
|a EUIPO
|
| 999 |
|
|
|c 3045652
|d 3047582
|